Quizzes
Events
Quiz Creation
Community
Videos
Private Events
Remove Ads
Sign In
Join for FREE
Feedback
Dark Mode
Quiz Categories
Sports
Geography
Music
Movies
Television
Just For Fun
Miscellaneous
History
Literature
Language
Science
Gaming
Entertainment
Religion
Holiday
For Kids
Quiz Lab
Recent
Popular Today
Quiz Kudos Today
Editor Picks
Curator Picks
Quizzes by...
Day
Popularity
Type
Ratings
Length
Year
Community
Subscriptions
Recent Discussions
Orange Saloon
Badges
Playlists
Quests
Create
Leaderboards
Showdown
Live 5
Trivia Bingo
Activity
Puzzle Library
Sporcle Events
Private Events
Virtual Trivia
Globe League
Become a Host
Pub Owners
SporcleCon
Opinionation
Our Games
Videos
Blog
Mobile Apps
Partnerships
Remove Ads and Go Orange
Feedback
Television
TV Characters
TV Show
Sitcom
Network
Friends
Reality Shows
Cast
South Park
Star Trek
The Simpsons
Doctor Who
Television
TV Characters
TV Show
Sitcom
Network
Friends
Reality Shows
Cast
South Park
Star Trek
The Simpsons
Doctor Who
Random Quiz
Search Sporcle
×
Quiz Lab
Quiz Lab
Television
Anime
Type in answers that appear in a list
Type in answers that appear in a list
Classic
Best Score? Go Orange.
Characters of Anime Stats
Can you name the Characters of Anime?
By
Kurogane
20m
200 Questions
2,018 Plays
2,018 Plays
2,018 Plays
Comments
Comments
Give Quiz Kudos
Give Quiz Kudos
-
- Ratings
hide this ad
Random Order
Randomize order of answers
Randomize order of answers
Replay
Link that replays current quiz
Next Quiz
Link to next quiz in quiz playlist
You Got
0%
They Got
Avg Score
28%
Avg Friend Score
Upgrade to see
Score Distribution
Jump to the score distribution portion of the page
Score
0/200
Timer
20:00
0
Plays Today
Series
Character
% Correct
Death Note
Light Yagami
83%
Naruto
Naruto Uzumaki
80.8%
Pretear
Go
79.8%
Melancholy of Haruhi Suzumiya
Haruhi Suzumiya
79.4%
Ouran High School Host Club
Haruhi Fujioka
79.2%
Naruto
Sakura Haruno
78.4%
One Piece
Monkey D. Luffy
78.4%
Tsubasa: Reservoir Chronicle
Sakura
78.3%
Tokyo Mew Mew/
Mew Mew Power
Ichigo Momomiya
78.3%
Bleach
Ichigo Kurosaki
77.8%
Saiyuki
Son Goku
76.9%
Dragonball Z
Son Goku
76.9%
Full Metal Alchemist
Edward Elric
76.4%
Cowboy Bebop
Edward
76.3%
Chobits
Chi
72.7%
Naruto
Sasuke Uchiha
72.2%
Gravitation
Yuki Eiri
67.8%
Melancholy of Haruhi Suzumiya
Yuki Nagato
67.7%
Vampire Knight
Yuki Cross
67.7%
Fruits Basket
Yuki Sohma
67.7%
Fruits Basket
Kyo Sohma
65.9%
Death Note
Misa Amane
57.7%
Ouran High School Host Club
Tamaki Suoh
57.6%
Code Geass
Lelouch Lamperouge
57.4%
Full Metal Alchemist
Alphonse Elric
56.5%
One Piece
Nami
55.8%
One Piece
Roronoa Zoro
55.7%
Dragonball Z
Vegeta
55.4%
Soul Eater
Maka Albarn
53.4%
Bleach
Rukia Kuchiki
51.7%
Howl's Moving Castle
Howl
50.9%
Ouran High School Host Club
Mitsukuni Haninozuka
50%
Axis Powers Hetalia
N. Italy
49.6%
Dragonball Z
Son Gohan
48.7%
Soul Eater
Death the Kid
48.1%
Death Note
Lawliet
48.1%
Ouran High School Host Club
Hitachiin Twins
47.8%
Vampire Knight
Zero Kiryu
47.7%
Naruto
Kakashi Hatake
47.1%
Axis Powers Hetalia
Germany
46.8%
Soul Eater
Black Star
46.4%
One Piece
Sanji
46%
D. Gray-
Man
Allen Walker
45.8%
Axis Powers Hetalia
Japan
45%
Axis Powers Hetalia
America
44.1%
Death Note
Ryuk
43.7%
Cowboy Bebop
Spike Spiegel
43.1%
Fruits Basket
Tohru Honda
42.5%
Tsubasa: Reservoir Chronicle
Fai D. Flowright
41.6%
Trigun
Vash the Stampede
41.3%
Ouran High School Host Club
Takashi Morinozuka
40.6%
One Piece
Tony Tony Chopper
39.5%
Dragonball Z
Bulma
39%
Hellsing
Alucard
38.9%
Ouran High School Host Club
Kyoya Ootori
38.9%
Melancholy of Haruhi Suzumiya
Kyon
38.8%
Elfen Lied
Lucy
38.6%
Full Metal Alchemist
Roy Mustang
38.6%
Lucky Star
Konata Izumi
38.3%
K-
ON
Yui Hirasawa
38.1%
Death Note
Near
37.8%
Spirited Away
Chihiro
36.9%
Axis Powers Hetalia
England
36.8%
Axis Powers Hetalia
France
36.6%
Dragonball Z
Piccolo
35.7%
One Piece
Nico Robin
35.6%
Shaman King
Tao Ren
34.9%
Series
Character
% Correct
Death Note
Mello
34.7%
Axis Powers Hetalia
China
34.6%
Vampire Knight
Kaname Kuran
34.5%
Axis Powers Hetalia
Russia
33.8%
Yu Yu Hakusho
Yusuke Urameshi
33.4%
Kuroshitsuji
Sebastian Michaelis
33.3%
Bleach
Orihime Inoue
33.3%
One Piece
Usopp
32.2%
Dragonball Z
Future Trunks
32.2%
Spirited Away
Haku
32%
Hunter X Hunter
Gon Freecss
31.8%
K-
ON
Mio Akiyama
31.1%
Yu Yu Hakusho
Shuichi Minamino
29.5%
Howl's Moving Castle
Sophie Hatter
29.4%
Code Geass
Suzaku Kururugi
29.4%
DN Angel
Dark Mousy
29%
One Piece
Franky
27.2%
Hunter X Hunter
Killua Zoldyck
26.7%
Shaman King
Yoh Asakura
26.7%
Dragonball Z
Krillin
26.7%
K-
ON
Ritsu Tainaka
26%
One Piece
Brook
25.9%
DN Angel
Daisuke Niwa
25.3%
Yu Yu Hakusho
Hiei
25.3%
Death Note
Rem
25.3%
Tsubasa: Reservoir Chronicle
Syaoran
24.8%
Wolfs Rain
Kiba
24.6%
Fruits Basket
Shigure Sohma
24.5%
Cowboy Bebop
Faye Valentine
24.3%
D. Gray-
Man
Lavi
24.2%
D. Gray-
Man
Lenalee Lee
23%
Tokyo Mew Mew/
Mew Mew Power
Minto Aizawa
22.8%
Melancholy of Haruhi Suzumiya
Mikuru Asahina
22.3%
Dragonball Z
Chi Chi
22.3%
xxxHolic
Yūko Ichihara
22.2%
Tokyo Mew Mew/
Mew Mew Power
Lettuce Midorikawa
21.9%
Tsubasa: Reservoir Chronicle
Kurogane
21.7%
xxxHolic
Kimihiro Watanuki
21%
K-
ON
Tsumugi Kotobuki
20.8%
Hunter X Hunter
Kurapika
20.7%
Chobits
Hideki Motosuwa
20.3%
Lucky Star
Kagami Hiiragi
20.3%
Tokyo Mew Mew/
Mew Mew Power
Pudding Fon
20.2%
Yu Yu Hakusho
Kazuma Kuwabara
19.8%
Pretear
Shin
18.9%
Gravitation
Mr. K
17.8%
Shaman King
Anna Kyōyama
17.6%
Pretear
Kei
17.4%
DN Angel
Risa Harada
17.2%
Lucky Star
Tsukasa Hiiragi
17.1%
Dragonball Z
Yamcha
17.1%
Howl's Moving Castle
Calcifer
17%
Cowboy Bebop
Jet Black
16.1%
Melancholy of Haruhi Suzumiya
Itsuki Koizumi
15.8%
Gravitation
Hiroshi Nakano
15.8%
xxxHolic
Mokona Modoki
15.7%
Tsubasa: Reservoir Chronicle
Mokona Modoki
15.6%
Hunter X Hunter
Leorio
15.5%
Lucky Star
Miyuki Takara
15.4%
DN Angel
Riku Harada
15.3%
DN Angel
Krad
15.1%
Tokyo Mew Mew/
Mew Mew Power
Ryou Shirogane
14.4%
DN Angel
Satoshi Hiwatari
14.3%
Kyou Kara Maou
Yuuri Shibuya
13.4%
Wolfs Rain
Toboe
13.2%
xxxHolic
Shizuka Dōmeki
12.9%
Wolfs Rain
Tsume
12.4%
Series
Character
% Correct
Hellsing
Seras Victoria
12.2%
Cowboy Bebop
Ein
12.1%
Dragonball Z
Tien
12%
Chobits
Sumomo
12%
Yu Yu Hakusho
Botan
11.8%
Cowboy Bebop
Vicious
11.5%
Wolfs Rain
Hige
11.5%
Spirited Away
No-Face
11.3%
Fruits Basket
Hanajima Saki
11.2%
Hellsing
Integra Hellsing
11.1%
xxxHolic
Himawari Kunogi
11%
Shaman King
Horokeu Usui
10.9%
Shaman King
Manta Oyamada
10.4%
Gravitation
Shuichi Shindou
10.3%
Trigun
Milly Thompson
10%
Full Metal Alchemist
Maes Hughes
9.9%
Trigun
Nicolas D. Wolfwood
9.7%
Kyou Kara Maou
Wolfram Von Bielefeld
9.7%
Trigun
Meryl Stryfe
9.4%
Shaman King
Amidamaru
9.3%
Tokyo Mew Mew/
Mew Mew Power
Zakuro Fujiwara
9.2%
Howl's Moving Castle
The Witch of the Waste
9.1%
Yu Yu Hakusho
Keiko Yukimura
9%
Saiyuki
Genjyo Sanzo
8.8%
Black Jack
Kuro Hazama
8.6%
Howl's Moving Castle
Markl
8.5%
Kyou Kara Maou
Konrad Weller
8.4%
Saiyuki
Cho Hakkai
8.4%
Fruits Basket
Uotani Arisa
8.1%
D. Gray-
Man
Yu Kanda
8%
Code Geass
Nunnally Lamperouge
8%
Pretear
Hayate
7.9%
Chobits
Yumi Omura
7.6%
Saiyuki
Sha Gojyo
7.5%
Wolfs Rain
Cheza
7.2%
Chobits
Minoru Kokubunji
7.2%
xxxHolic
Maru
6.9%
Pretear
Himeno Awayuki
6.8%
Chobits
Yuzuki
6.5%
Chobits
Chitose Hibiya
6.5%
DN Angel
Wiz
6.3%
Kyou Kara Maou
Gwendal Von Voltaire
6.2%
xxxHolic
Moro
6.1%
Soul Eater
Excalibur
6.1%
Kyou Kara Maou
Gunter Von Christ
5.9%
Pretear
Sasame
5.7%
Chobits
Takako Shimizu
5.4%
Shaman King
Lyserg Diethel
5.1%
Tokyo Mew Mew/
Mew Mew Power
Keiichiro Akasaka
5%
Pretear
Hajime
5%
Gravitation
Ryuichi Sakuma
5%
Chobits
Hiromu Shinbo
4.3%
Black Blood Brothers
Mimiko Katsuragi
4.3%
Pretear
Mannen
4.2%
Black Blood Brothers
Kotarou Mochizuki
4.2%
Black Blood Brothers
Cassandra Jill Warlock
3.7%
Saiyuki
Lirin
3.6%
Saiyuki
Yaone
3.2%
Black Blood Brothers
Jirou Mochizuki
3.1%
Black Blood Brothers
Alice Eve
3.1%
Saiyuki
Kougaiji
3%
Saiyuki
Dokugakuji
2.6%
Black Jack
Pinoco
2.1%
Saiyuki
Hakuryuu
2%
Black Jack
Largo
1.8%
Kyou Kara Maou
Yozak
1.6%
Quiz Playlist
Details
Report
Send in Message
Add To Playlist
Classic:
Type in answers that appear in a list
Random Order:
Randomize order of answers
Last Updated: Feb 16, 2017
Quiz Scoreboard
CHALLENGE
Sign Up to Join the Scoreboard
Show All
Scores
Hide
Comments
May contain spoilers
Recently Published
9x9 Crossword: Cartoon Network
by jackfrog10
Miscellaneous
3m
College Basketball Coaching Resumes
by pancakes188
Sports
9m
Billboard Blitz: Fleetwood Mac
by CooCooCachoo
Music
15s
More to Explore
Quiz From the Vault
Featured Blog Post
Where Did the Easter Bunny Come From?
hide this ad
You Might Also Like...
Tags
Anime Quiz
Character
Today's Top Quizzes in Television
Browse Television
hide this ad
Today's Top Quizzes in Anime
Browse Anime
Top Contributed Quizzes in Television
1
5-to-1: The Simpsons Families
2
5-to-1: Television Doctors
3
7-to-1: TV Show Settings
4
Adjectives in 00s TV Shows
5
Adjectives in 80s TV Shows
6
5-to-1: Streaming Originals
7
Adjectives in 10s TV Shows
8
Survivor Seasons
9
One Piece Logic Puzzle
10
All US Survivor Seasons in Order
Explore More
Trending Topics
Crossword
Anime
NBA
Marvel
Harry Potter
Disney
Kpop
Puzzle
Soccer
Pokémon
Country
NFL
The Office
WWE
Song
hide this ad
More By:
Kurogane
Quiz
Plays
Rating
Category
Featured
Created
Disney Anagrams
4,867
4.39
Movies
Jan 20, 2010
Anime Anagrams
3,489
4.08
Television
Feb 3, 2010
Characters of Anime
2,018
1.70
Television
Oct 18, 2009
CLAMP Titles
438
2.00
Entertainment
Oct 14, 2009
Tsubasa Characters
263
Entertainment
Oct 14, 2009
Go to Creator's Profile
Score Distribution
Quiz Creator Spotlight
Kurogane
Follow
Send a Message
Quizzes Created
-
Created Quiz Play Count
-
More By This Creator
Popular Quizzes Today
1
Find the US States - No Outlines Minefield
2
Find the Countries of Europe - No Outlines Minefield
3
The Countries of the World
4
Find the US States
5
Risky Map Clicking: Biggest States A-Z
6
US States
7
Popular People in 1961
8
Movies - When Are They Set?
More Television Quizzes
Word Ladder: Jekyll & Hyde? Not Quite
Editor's Pick
Trending Quizzes
Risky Map Clicking: Least Populous States A-Z
1-10 Letter G Words
Risky Map Clicking: Next State Alphabetically
Adjectives in 80s TV Shows
Risky Map Clicking: Biggest States A-Z
Recently Updated
Leaping Animals
pecheneg
Reality TV Shows (A-Z)
bhenderson79
Rickey Henderson's Hall of Fame Teammates
pecheneg
Champions League XIs: Arsenal
pecheneg
Quick Pick: Celebrities in WWE's Hall of Fame
aduchscher
A-Z Keypad Blitz II
pecheneg
Multiple Oscar Actors
pecheneg
Mystery Phrase Blitz: Oscar 'Best Actors'
pecheneg
F. Scott Fitzgerald Novels
LTH
Pick 3 Villains
ddd62291
Trending Topics
Harry Potter
Disney
Crossword
Anime
NBA
Kpop
Marvel
Country
Soccer
Pokémon
Song
The Office
WWE
NFL
Puzzle
Your Account Isn't Verified!
In order to create a playlist on Sporcle, you need to verify the email address you used during registration. Go to your
Sporcle Settings
to finish the process.
Report this User
Report this user for behavior that violates our
Community Guidelines
.
Details:
Send Report
Go to the Sporcle.com Mobile Site →
Comments